000 00726nas a2200229 454500
001 39764
005 20260407193510.0
008 260407s1989####ag###########|||spa#d
003 AR-UNSa-BCEJYS
040 _aAR-UNSa-BCEJYS
_bspa
_cAR-UNSa-BCEJYS
080 _a35
_xAdministración Pública
245 1 0 _aServicio Civil
264 1 _aBuenos Aires :
_bINAP
_c1989
310 _aFrecuencia: Irregular
041 _aspa
942 _cSER
590 _aniveau_biblio:s niveau_hierar:1
100 1 _aInstituto Nacional de la Administración Pública (INAP)
650 _aADMINISTRACION PUBLICA
650 _aRecursos humanos
856 4 1 _uhttps://biblioeco.unsa.edu.ar/pmb/images/revistas/R20406.jpg
_yImagen de portada
_qimage/jpeg
999 _c8854
_d8854